Manuel de droit civil. Droit privé notarial

Uloženo v:
Podrobná bibliografie
Hlavní autor: Voirin, Pierre (Autor)
Médium: Kniha
Jazyk:francouzština
Vydáno: París Librairie Générale de Droit et de Jurisprudence 1967
Vydání:11a. ed
Témata:
Tagy: Přidat tag
Žádné tagy, Buďte první, kdo vytvoří štítek k tomuto záznamu!

MARC

LEADER 00000nam a2200000 a 4500
001 UCS1272
003 CL-VaPUC
008 970509e19670000FR |||||||||||||||||fre|d
082 0 4 |a 346.44  |b VOI  |2 21 
100 0 |a Voirin, Pierre  |e author  |9 385591 
245 1 0 |a Manuel de droit civil. Droit privé notarial 
250 |a 11a. ed 
300 |a 310 p 
942 |c BK 
945 |d 19970509 00:00:00  |a paguirre 
260 |a París  |b Librairie Générale de Droit et de Jurisprudence  |c 1967 
650 0 |a Derecho civil  |9 255013 
650 0 |a Derecho privado  |9 258243 
650 0 |a Derecho sucesorio  |9 255015 
650 0 |a Herencia  |9 256325 
650 7 |a DONACIONES POR CAUSA DE MUERTE  |2 CL-VaPUC  |9 385592 
650 0 |a Testamento  |9 258220 
650 0 |a Regímenes matrimoniales  |9 357525 
651 0 |a Francia  |9 255157 
583 |a last modification  |c 19970509 00:00:00  |k Rodrigo Vera 
999 |c 259371  |d 259369 
952 |0 0  |1 0  |4 0  |6 346_440000000000000_VOI_1967  |7 0  |8 P  |9 284072  |a BIBDER  |b BIBDER  |d 2019-11-19  |i 1843451  |o 346.44 VOI 1967  |p 1843451  |r 2023-01-25  |w 2019-11-19  |y BK  |k DER